Encyclopaedia Beliana slovenská všeobecná encyklopédia

Salvato in:
Dettagli Bibliografici
Autore principale: Mráz, Stanislav
Natura: Libro
Lingua:slovacco
Pubblicazione: Bratislava Encyklopedický ústav SAV 2003
Soggetti:
Tags: Aggiungi Tag
Nessun Tag, puoi essere il primo ad aggiungerne!!

MARC

LEADER 00000nam$a2200000$$$4500
001 0001394
005 20240502071345.2
020 |a 80-224-0761-5 
041 0 |a slo 
044 |a SK 
245 1 0 |a Encyclopaedia Beliana  |b slovenská všeobecná encyklopédia  |c Stanislav Mráz ... [et al.] 
264 1 |a Bratislava  |b Encyklopedický ústav SAV  |c 2003 
300 |a 702 s. 
610 2 0 |a dejiny 
610 2 0 |a umenie 
610 2 0 |a kultúra 
610 2 0 |a veda 
610 2 0 |a príroda 
610 2 0 |a šport 
610 2 0 |a politika 
610 2 0 |a vývoj hospodársky 
610 2 0 |a národ 
610 2 0 |a menšiny národnostné 
610 2 0 |a Slovensko 
610 2 0 |a technika 
100 1 |a Mráz, Stanislav